Utopianism in postcolonial literatures (Record no. 25768)

MARC details
000 -LEADER
fixed length control field 00455nam a2200169Ia 4500
008 - FIXED-LENGTH DATA ELEMENTS--GENERAL INFORMATION
fixed length control field 230917s9999||||xx |||||||||||||| ||und||
020 ## - ISBN
Price GBP24.99
040 ## - CATALOGING SOURCE
-- 245499
Original cataloging agency VIVEKANANDA LIBRARY
041 ## - Language
-- English
082 ## - DDC NUMBER
Classification number 809.93372 A34U
100 ## - MAIN ENTRY--PERSONAL NAME
Personal name Ashcroft, Bill
245 #0 - TITLE STATEMENT
Title Utopianism in postcolonial literatures
260 ## - PUBLICATION, DISTRIBUTION, ETC. (IMPRINT)
Place of publication, distribution, etc Routledge
Name of publisher, distributor, etc Oxon
Date of publication, distribution, etc 2017
300 ## - PHYSICAL DESCRIPTION
Pages xii, 225 p.
500 ## - GENERAL NOTE
General note 3027 29/01/2018 RBP18/68862 05/02/2018 Main Budget
942 ## - ADDED ENTRY ELEMENTS (KOHA)
Koha item type Books
Holdings
Withdrawn status Lost status Damaged status Not for loan Location (home branch) Sublocation or collection (holding branch) Date acquired Koha issues (times borrowed) Koha full call number Accession No. Koha date last seen Koha item type
        VIVEKANANDA LIBRARY VIVEKANANDA LIBRARY 31/03/2018 1 809.93372 A34U 371487 09/11/2023 Books
© Designed and Maintained by Vivekananda Library, MDU Rohtak